Music Quiz

Random Music or Song Quiz
Score 0/40 Timer 06:00
0 Plays Today
Question Answer Wrong Answers
I Put a ___ on You
Screamin' Jay Hawkins
Spell
90.4%
Blanket
1%
Finger
1.6%
Spider
0.5%
I Shot the ___
Bob Marley and the Wailers
Sheriff
90.1%
Bandit
1.4%
Tiger
1.3%
Poet
0.9%
Ring of ___
Johnny Cash
Fire
88.3%
Us
2.6%
Water
1.4%
Hope
1.6%
Get Ur ___ On
Missy Elliot
Freak
86%
Happy
1.7%
Lipstick
3.8%
Clothes
2.1%
Tiny ___
Elton John
Dancer
85.8%
Fingers
2.1%
Miracles
2.4%
Tim
3.5%
Hot Fun in the ___
Sly and the Family Stone
Summertime
85.4%
'70s
5%
ICU
1.6%
YMCA
1.3%
Achy Breaky ___
Billy Ray Cyrus
Heart
84.1%
Back
2.1%
House
4.1%
Boy
3.3%
Paradise ___
Guns N' Roses
City
82.5%
Parade
2.1%
Motel
8%
Junkyard
1.2%
Seven Nation ___
The White Stripes
Army
82.1%
Treaty
2.2%
Tribe
4.3%
Anthem
5%
Get Up (I Feel Like Being a) Sex ___
James Brown
Machine
80.6%
Toy
7.3%
Maniac
4.7%
Dog
0.7%
___ in Heaven
Eric Clapton
Tears
78.6%
Angels
8.9%
Clouds
1%
Strangers
5.1%
Under the ___
The Drifters
Boardwalk
78.4%
Waterfall
4.5%
Mattress
1%
Stars
9.5%
Enter ___
Metallica
Sandman
77.6%
Transylvania
2.6%
Screaming
5.9%
Darkness
7.6%
Who'll Stop the ___
Creedence Clearwater Revival
Rain
77.5%
Pain
9.7%
Guns
2%
Crying
4.3%
Got My ___ Working
Muddy Waters
Mojo
74.2%
Pickup
5.1%
Radio
11.8%
Cool
2%
Bizarre Love ___
New Order
Triangle
73.6%
Dream
12.4%
Cave
4.1%
Sex
2.8%
___ Fried
Zac Brown Band
Chicken
70.9%
Pork
12.2%
Rice
7.3%
Food
2.7%
The ___ Cries Mary
The Jimi Hendrix Experience
Wind
70.3%
Child
17.7%
Song
2.7%
Street
2.6%
Young ___
The Coasters
Blood
65.9%
Desire
8.5%
Ways
3%
People
15.6%
Personal ___
Depeche Mode
Jesus
65.7%
Prejudice
10.1%
Feelings
13.1%
Prisons
4.2%
New Year's ___
U2
Day
65.7%
Eve
19.4%
Resolution
6.3%
Party
2.2%
Standing in the ___ of Love
The Four Tops
Shadows
65.6%
Sunlight
5.5%
Glow
11.7%
Heat
10.4%
___ Free Europe
R.E.M.
Radio
63.4%
Nuclear
12.9%
Toll
7.3%
Care
9.6%
Blank ___
Taylor Swift
Space
63.3%
Page
20.5%
Lines
6%
Name
3.7%
Can't Stop the ___
Justin Timberlake
Feeling
62%
Music
26.5%
Clocks
3%
Dance
2.3%
Paper ___
M.I.A.
Planes
61.3%
Dolls
26.3%
Romance
3.7%
Dresses
2.2%
I Feel ___
Donna Summer
Love
59.8%
Nothing
12.3%
You
16.8%
Again
4.4%
Fake Plastic ___
Radiohead
Trees
58.7%
Sun
5.8%
Fruit
21.7%
Eyes
7%
Blue Eyes Crying in the ___
Willie Nelson
Rain
58.1%
Night
29.6%
Chapel
4.5%
Attic
1.3%
Just Like ___
The Cure
Heaven
56.1%
Candy
8.9%
You
17.8%
Us
10.7%
Dead Man's ___
Jan and Dean
Curve
50.3%
Gun
19.4%
Money
14.1%
Girl
9.3%
I Know You Got ___
Eric B. and Rakim
Soul
48.9%
Rhythm
38.2%
Power
4.1%
Sexy
1.7%
California ___
Dr. Dre and 2Pac
Love
45.4%
Crazy
6.5%
Girls
33.7%
Sun
7.9%
Just a ___
Biz Markie
Friend
43.6%
Glance
10.7%
Moment
17.4%
Girl
21.5%
Whipping ___
The Allman Brothers Band
Post
43.2%
Boy
35.8%
Cream
10.5%
Myself
3.9%
Sweet ___
The Velvet Underground
Jane
39.2%
Sally
8.4%
Endings
6.5%
Dreams
39.4%
Lonely ___
Jackie Wilson
Teardrops
39.1%
Me
18.6%
Memories
11.7%
Lady
23.4%
___ Is a Punk Rocker
Ramones
Sheena
37.1%
Johnny
16.7%
Papa
14.6%
Jesus
24.7%
It's Your ___
The Isley Brothers
Thing
35.1%
Birthday
29.6%
Turn
22.8%
Eyes
5.6%
Into the ___
Van Morrison
Mystic
27.1%
Rain
9.3%
Storm
30.3%
Fire
26.7%
Remove Ads.
Support Sporcle.
Get the best of Sporcle when you Go Orange. This ad-free experience offers more features, more stats, and more fun while also helping to support Sporcle. Thank you for becoming a member.

You're not logged in!

Compare scores with friends on all Sporcle quizzes.
OR
Log In

Show Comments

Extras

Top Quizzes Today


Score Distribution

Your Account Isn't Verified!

In order to create a playlist on Sporcle, you need to verify the email address you used during registration. Go to your Sporcle Settings to finish the process.

Report this User

Report this user for behavior that violates our Community Guidelines.

Details: